Tilastot visalle Sanat - "Elefantin paino" - Ellinoora

Klikkaa tästä pelataksesi tätä visaa!

Yleistilastot

  • Tätä visaa on pelattu 85 kertaa
  • Keskiarvotulos 145 / 192

Vastaustilastot

Vastaus% Oikein
elefantti
98%
ei
97%
ja
97%
painon
97%
alle
95%
Se
95%
se
95%
on
93%
elefantin
92%
jää
92%
kun
92%
mut
92%
en
90%
kipeää
89%
Kuka
89%
kukaan
89%
tekee
89%
muu
87%
siitä
87%
eikä
85%
luo
85%
nää
85%
sitä
85%
et
82%
aina
80%
luotu
80%
oo
80%
80%
sut
80%
uudestaan
79%
tää
77%
vielä
77%
end
75%
helpottaa
75%
nousemaan
75%
Silloin
75%
sun
75%
the
75%
lohduttaa
74%
lupaan
74%
74%
luulit
72%
osannut
72%
pahoillani
72%
kantamaan
70%
oon
70%
saa
70%
aika
69%
ollut
69%
päivä
69%
vaik
69%
osaksi
67%
tulla
67%
siivet
66%
lentää
64%
me
64%
niin
64%
omiensa
64%
jäi
62%
kauas
62%
virtaa
62%
mikä
61%
pois
61%
selkäänsä
61%
eteenpäin
59%
jos
59%
leijonil
59%
sen
59%
takaraivoon
59%
eihän
57%
koskaan
57%
kyynelkanavii
57%
hei
56%
heikkoudetkin
56%
vahvuuksii
56%
edes
54%
opetti
54%
puhuttu
54%
enää
52%
huomaan
52%
jonain
52%
kysyä
52%
päivänä
52%
silmistä
52%
hiljaisuudessa
51%
kehtaa
51%
koko
51%
meidät
51%
mitä
51%
voi
51%
kii
49%
maailma
49%
näkee
49%
kahlita
48%
peitellen
48%
puhkeaa
48%
kupla
46%
pysymään
46%
kaaosta
44%
kavahdit
44%
taittui
44%
huomaako
43%
tänään
43%
naamiot
41%
riisutaan
41%
viitot
33%

Tulosjakauma

Persentiili vastausten määrän mukaan

Jokaisen tuloksen saaneiden osuus

Tuloshistoriasi

Et ole pelannut tätä visaa